000 00457nam a22001697a 4500
005 20240312125157.0
008 240312b |||||||| |||| 00| 0 eng d
020 _a9789395685375
041 _aeng
100 _aNAYAK ,Dr. GOVIND AND SINGHAI , Dr. A. K
_98417
245 _aA PRACTICAL BOOK OF PHARMACUTICAL CHEMISTRY
250 _a1st1 ed.
260 _aMEERUT
_bSHREE SAI PRAKASHAN
_c2024-2025
300 _a120;P
650 _aPHARMACY
942 _cBK
999 _c8513
_d8511